| 000 | 00353nam a2200133Ia 4500 | ||
|---|---|---|---|
| 003 | PILC | ||
| 008 | 220421s2001 xx 000 0 und d | ||
| 040 | _cEARIST LIBRARY | ||
| 100 |
_aCasanova, Arthu P. et.al _9976 |
||
| 245 | 0 | _aPagbasa at Pagsulat (Sa iba't-ibang Disiplina) / | |
| 260 |
_aManila, _bRex : _c2001. |
||
| 999 |
_c2350 _d2350 |
||
| 942 |
_2ddc _cBK |
||